| 000 | 00786nam a22002537a 4500 | ||
|---|---|---|---|
| 005 | 20170123162331.0 | ||
| 010 | _aA-880468 | ||
| 020 | _c100.00 | ||
| 035 | _aA-880468 | ||
| 037 | _bCen Lib/Ret | ||
| 040 |
_aDPL _bUR |
||
| 082 |
_a841 _bه ا ر |
||
| 245 |
_aآبشار / _cمرتبہ ہارون صابر فریدی |
||
| 246 |
_aAbshaar / _bedited by Haroon Sabir Faridi |
||
| 260 |
_aسہارنپور _bمرکز حیات اردو _c1997 |
||
| 270 | _bسہارنپور | ||
| 300 |
_a208p. _c21cm(Hb) |
||
| 650 |
_a ادب - اردو _9121428 |
||
| 650 |
_aاردو نظم _9121429 |
||
| 650 |
_aLiterature -- Urdu _9121430 |
||
| 650 |
_aUrdu poetry _9121431 |
||
| 700 |
_aہارون صابر فریدی _9108471 |
||
| 942 |
_2ddc _cUR _h841 _mه ا ر |
||
| 999 |
_c107775 _d107775 |
||